[Event "Stuttgart-chB int"]
[Site "Gerlingen"]
[Date "2011.06.03"]
[Round "5"]
[White "Bauer, Dieter"]
[Black "Burkhardt, Adrian"]
[Result "1/2-1/2"]
[WhiteElo "1789"]
[BlackElo "1714"]
[PlyCount "67"]
[EventDate "2011.06.02"]
[EventType "swiss"]
[EventRounds "7"]
[EventCountry "GER"]
[SourceTitle "EXT 2018"]
[Source "ChessBase"]
[SourceDate "2017.10.13"]
[SourceVersion "1"]
[SourceVersionDate "2017.10.13"]
[SourceQuality "1"]

1. c4 e6 2. g3 Nf6 3. Bg2 d5 4. e3 Be7 5. b3 0-0 6. Nf3 Nbd7 7. Bb2 Rb8 8. Nc3 c6 9. d3 Nc5 10. 0-0 Re8 11. Ne2 b6 12. Ne5 Bb7 13. Qc2 Ncd7 14. Nf3 c5 15. Rad1 Qc7 16. Nc3 a6 17. cxd5 Nxd5 18. Nxd5 Bxd5 19. e4 Bb7 20. d4 Nf6 21. Ne5 Bd6 22. Rc1 Bxe5 23. dxe5 Nd7 24. f4 Rbc8 25. Rfd1 Nb8 26. Qf2 Red8 27. f5 exf5 28. Qxf5 Rxd1+ 29. Rxd1 Rd8 30. Rf1 Bc8 31. Qg5 Be6 32. h4 Nc6 33. h5 h6 34. Qf4 1/2-1/2